| 000 | 00456nam a22001337a 4500 | ||
|---|---|---|---|
| 008 | 220610b |||||||| |||| 00| 0 eng d | ||
| 020 | _a9789949771158 | ||
| 082 | _a398 KIV 2016 | ||
| 100 | _aKivari, Kristel | ||
| 245 | _aDowsing as a link between natural and supernatural. Folkloristic reflections on water veins, Earth radiation and dowsing practice | ||
| 260 |
_aTartu : _bUniversity of Tartu Press, _c2016. |
||
| 300 |
_a223 p. _c25 cm. |
||
| 942 | _2ddc | ||
| 999 |
_c9013 _d9014 |
||